| 000 | 01091nam a2200217Ia 4500 | ||
|---|---|---|---|
| 999 |
_c40423 _d40423 |
||
| 001 | 7031 | ||
| 003 | GE_BSU | ||
| 005 | 20231109172900.0 | ||
| 008 | 181216s2013||||ge |||||||||||||| ||geo|| | ||
| 040 | _cGE_BSU | ||
| 041 | _ageo | ||
| 080 | _a343.1(479.22)(094.4) ს-32 | ||
| 245 |
_aსაქართველოს კანონი : საქართველოს სისხლის სამართლის საპროცესო კოდექსი : _bანბანურ - საგნობრივი საძიებლით 2013 წლის 20 აპრილის მდგომარეობით. |
||
| 260 | _a. | ||
| 264 |
_aთბილისი : _bბონა კაუზა, _c2013. |
||
| 300 |
_a232 გვ. ; _c20 სმ |
||
| 500 | _aანბანურ - საგანნობრივი საძიებელი გვ. : 223-226 | ||
| 541 | _h12ლ. | ||
| 653 | _aსაქართველოს სისხლის სამართლის საპროცესო კოდექსი | ||
| 942 |
_cBK _2udc |
||